It looks like you're offline.
Open Library logo
additional options menu

MARC Record from bcl_marc

Record ID bcl_marc/bcl_open.03.mrc:338791654:930
Source bcl_marc
Download Link /show-records/bcl_marc/bcl_open.03.mrc:338791654:930?format=raw

LEADER: 00930cam 2200277 i 4500
004 OAG8116
005 20000524103500.0
008 800715q19101919nyuaf 000 0 eng d
035 $a(OCoLC)ocm06516578
035 9 $aOAG8116
040 $aERE$cERE$dBXM
049 $aBXMS
090 $aPR5251$b.D452 vol. 14
100 1 $aRuskin, John,$d1819-1900.
245 10 $aLectures on art ;$bLectures on landscape ; Aratra Pentelici /$cJohn Ruskin.
246 3 $aLectures on landscape
246 3 $aAratra pentelici
260 $aNew York :$bFred DeFau,$c[191-?]
300 $a3 v. in 1 :$bill. ;$c22 cm.
490 1 $aThe complete works of John Ruskin ;$vv. 14
500 $aThis edition is limited to 1,000 copies of which this is no. 910.
650 0 $aArt.
800 1 $aRuskin, John,$d1819-1900$tWorks ;$vv. 14.
852 00 $aMChB$bNEDL$cSTACK$hPR5251$i.D452 vol. 14$p@57135$91
948 $aLTI 08/08/2000
949 $aBXMS$b39031023130610